000 00361nam a2200157Ia 4500
005 20250423094707.0
008 250422s9999 xx 000 0 und d
020 _a0721675093
050 _aRD 87.3 .C37 C363/
245 0 _aCardiac anesthesia
260 _aPhiladelphia
260 _bW.B.Saunders Comp
260 _c1999
300 _a1411 p
942 _cBK
999 _c28007
_d28007